Smiling Friends Episode Quiz (Updated 2026) - Statistics

General Stats
  • This quiz has been taken 8 times
  • The average score is 12 of 27
Answer Stats
Answer % Correct
Charlie Dies and Doesn't Come Back
100%
Charlie's Uncle Dies and Doesn't Come Back
83%
Mr. Frog
83%
Silly Samuel
83%
The Glep Ep
83%
Desmond's Big Day Out
67%
Gwimbly: Definitive Remastered Enhanced Extended Edition DX 4K (Anniversary Director's Cut)
67%
Pim Finally Turns Green
67%
The Smiling Friends Go to Brazil!
67%
A Allan Adventure
50%
Friend-Bot (Version 12589218731809213528796879521)
50%
Mr. President
50%
Shmaloogles
50%
Brother's Egg
33%
Enchanted Forest
33%
Frowning Friends
33%
Mole Man
33%
Shrimp's Odyssey
33%
Squim Returns
33%
Who Violently Murdered Simon S. Salty?
33%
A Silly Halloween Special
17%
Erm, the Boss Finds Love?
17%
The Magical Red Jewel (aka Tyler Gets Fired)
17%
Charlie, Pim, and Bill vs the Alien
0%
Curse of the Green Halloween Witch
0%
Le Voyage Incroyable de Monsieur Grenouille
0%
Pim and Charlie Save Mother Nature
0%
No matching quizzes found
Score Distribution
Percent of People with Each Score
Percentile by Number Answered
Your Score History
You have not taken this quiz